000 01275nam a22003491i 4500
001 bslw10066761
005 20240305165653.0
006 m o d
007 cr un ---uuuua
008 230710s2018 ck o 000 0 spa d
020 _a9789587716320
020 _a9789587716337
_q(eISBN)
035 _a38553
040 _aUtOrBLW
_beng
_erda
_cUtOrBLW
050 4 _aG155.A1
_bW35 2018
082 0 4 _a338.4791
_223
100 1 _aWallingre, Noemí,
_ecompiler.
245 1 0 _aGestión de municipios turísticos :
_binstrumentos básicos de acción /
_cNoemí Wallingre, Alejandro Villar, (compiladores) ; Eugenio del Busto [and six others].
250 _aPrimera edición.
264 1 _aBogotá, Colombia :
_bEcoe Ediciones,
_c2018.
300 _a1 online resource (vi, 268 pages)
336 _atext
_btxt
_2rdacontent
337 _acomputer
_bc
_2rdamedia
338 _aonline resource
_bcr
_2rdacarrier
490 1 _aColección: Ciencias empresariales. Área Administración
650 0 _aTourism
_xGovernment policy.
700 1 _aVillar, Alejandro,
_ecompiler.
700 1 _aDel Busto, Eugenio,
_econtributor.
830 0 _aColección: Ciencias empresariales.
_pÁrea Administración.
856 4 0 _uhttps://app.vlex.com/#/sources/38553
942 _cRAA
999 _c172953
_d172953